Retratos de mujeres / (Record no. 164363)

MARC details
000 -LEADER
campo de control de longitud fija 00736nam a22002175i 4500
001 - NÚMERO DE CONTROL
campo de control 164363
003 - IDENTIFICADOR DE NÚMERO DE CONTROL
campo de control ES-MaACL
005 - FECHA Y HORA DE LA ÚLTIMA TRANSACCIÓN
campo de control 20251005063130.0
008 - DATOS DE LONGITUD FIJA--INFORMACIÓN GENERAL
campo de control de longitud fija 980922q1894 sp |||| | spa d
080 ## - NÚMERO DE LA CLASIFICACIÓN DECIMAL UNIVERSAL
Número de la Clasificación Decimal Universal 929-055.2(44)
100 1# - ENTRADA PRINCIPAL--NOMBRE DE PERSONA
Nombre de persona Sainte-Beuve, Charles-Augustin,
Fechas asociadas al nombre 1804-1869
9 (RLIN) 162958
245 10 - MENCIÓN DEL TÍTULO
Título Retratos de mujeres /
Mención de responsabilidad, etc. por Sainte-Beuve.
260 ## - PUBLICACIÓN, DISTRIBUCIÓN, ETC.
Lugar de publicación, distribución, etc. Madrid :
Nombre del editor, distribuidor, etc. La España Moderna,
Fecha de publicación, distribución, etc. [1894] (
Fabricante Agustín Aurial)
300 ## - DESCRIPCIÓN FÍSICA
Extensión 319 p. ;
Dimensiones 17 cm.
490 1# - MENCIÓN DE SERIE
Mención de serie Colección de libros escogidos
650 #4 - PUNTO DE ACCESO ADICIONAL DE MATERIA--TÉRMINO DE MATERIA
Término de materia o nombre geográfico como elemento de entrada Mujeres-
Subdivisión geográfica Francia-
Subdivisión de forma Biografías.
9 (RLIN) 157311
650 #4 - PUNTO DE ACCESO ADICIONAL DE MATERIA--TÉRMINO DE MATERIA
Término de materia o nombre geográfico como elemento de entrada Escritoras francesas-
Subdivisión general Biografías.
9 (RLIN) 163003
830 1# - PUNTO DE ACCESO ADICIONAL DE SERIE-TÍTULO UNIFORME
Título uniforme Colección de libros escogidos
9 (RLIN) 181858
852 4# - LOCALIZACIÓN
Ubicación ES-MaACL
Número de control de estantería A-4721
Holdings
Estatus retirado Estado de pérdida Estado de daño No para préstamo Colección Biblioteca de origen Biblioteca actual Ubicación en estantería Fecha de adquisición Fuente de adquisición Total de préstamos Signatura topográfica completa Código de barras Visto por última vez Precio de reemplazo Tipo de ítem Koha
        Libros del s. XIX Biblioteca del Ateneo de Madrid Biblioteca del Ateneo de Madrid Sala Pecera Planta 1 17/01/2008     A-4721 1172278 23/02/2023 23/02/2023 Libro impreso antiguo